=LDR 00000nam 2200000 4500 =001 INLIS000000000017727 =005 20130612112938 =008 ***********************************iND** =035 ##$$0010-061300000017727 =041 ##$$a iND =082 ##$$a R.347.016 026 =090 ##$$a R.347.016 026, Ind u =100 ##$$a Indonesia.Undang-Undang, Peraturan dsb =245 ##$$a Undang-undang jabatan notaris 2004 UU RI no. th 2004 tentang jabatan notaris 2004 UU RI no. 30 th 2004 tentang jabatan notaris =260 ##$$a 2004 $b Jakarta =300 ##$$a vii, 63 hlm, 20 cm =650 ##$$a Notaris-UU dan peraturan =850 ##$$a NBPNMAT